LEADER 00958nas a2200241 i 4500 001 000000254942 003 CaOOAMICUS 005 20200224100228.0 008 170710b2016 ag uu u0 0mul r 013 $a233847 040 $aSeMil$bita 245 10$aA. D. 2016 : [Enero-Julio]. 260 $aBuenos Aires :$bFundación Universidad Católica Argentina,$c2016. 300 $a215 p. ;$c24 cm. 500 $aArticoli con sintesi in spagnolo [Resumen] e in inglese [Abstract] in testa. 773 0 $tSapientia.$dBuenos Aires : [s.n.] $x0036-4703$w()2909 774 0 $t[vedi periodico].$w()291155 850 $aSeMil 852 $aSeMil$W1$xVenegono$y1$m60 5 51$j205288$B205288$CSeMilBibl$Z2$F222945 $85 961 $aCambio: Scuola Cattolica 996 $6245$aA. D. 2016 : [Enero-Julio]$9(OLS)http://semarc/title/411298 996 $6260$aBuenos Aires :$bFundación Universidad Católica Argentina$9(OLS)http://semarc/publisher/45338 LEADER 01339nam a2200289 i 4500 001 000000116083 003 CaOOAMICUS 005 20160704000000.0 008 160704s2016 it u000 u ita u 013 $a88772 020 $a978-88-6372-903-0 040 $aSeMil$bita 100 1 $aBuonaiuti, Ernesto,$d<1881-1946>.$0(OLS)http://semarc/name/497 245 10$aLezioni di storia ecclesiastica :$bl'antichità /$cErnesto Buonaiuti ; a cura e con un'introduzione di Francesco Mores. 260 $aRoma :$bEdizioni di Storia e Letteratura,$c2016. 300 $aXL, 183 p. ;$c21 cm. 490 0 $aLetture di pensiero e d'arte ;$v109 650 4$aChiesa - Storia.$0(OLS)http://semarc/subject/8 650 4$aChiesa - Storia - Origini.$0(OLS)http://semarc/subject/1096 700 1 $aMores, Francesco,$d<1978- >.$0(OLS)http://semarc/name/48489 830 0$aLetture di pensiero e d'arte ;$v109.$0(OLS)http://semarc/title/17135 850 $aSeMil 852 $aSeMil$W1$xVenegono$y1$m3B I 24$j71564$B71564$CSeMilBibl$Z2$F75674 $81 961 $aAcquisto: Hoepli 996 $6020$a978-88-6372-903-0$9(OLS)http://semarc/number/100101 996 $6245$aLezioni di storia ecclesiastica :$bl'antichità$9(OLS)http://semarc/title/170157 996 $6260$aRoma :$bEdizioni di Storia e Letteratura$9(OLS)http://semarc/publisher/29779